00816nam a2200181 a 4500001001000000005001700010008004100027050002400068100002000092245011200112260003800224300004200262500019900304504003100503600004400534650003600578700002000614BRCA_166820190320203512.0150508s2006----it-a---###---#000-0#eng-# 4aND623.C3b.B63 20061 aBober, Jonathan10aLuca Cambiaso, 1527-1585cedited by Jonathan Bober ; with the collaboration of Piero Boccardo ... [et al.]. aMilánbSilvana Editorialec2006 a475 p.bil. (algunas a color)c28 cm. aCatálogo de la exposición realizada en el Blaton Museum of Art, The University of Texas at Austin, 15 septiembre, 2006 - 14 enero, 2007 y en el Palazzo Ducale(Genoa), 3 marzo - 8 julio, 2007 aBibliografía: p. 462-47514aCambiaso, Lucad1527-1585vExposiciones14aPintores italianosvCatálogos1 aBoccardo, Piero